000 00711nam a2200229 i 4500
003 DO-SdBNP
005 20240909143615.0
007 ta
008 240909s1985 dr c 000 j spa d
040 _aDO-SdBNP
_bspa
_cBNPHU
_erda
082 _bC744
_222
100 1 _aConcepción, Mario
_d1912-1989
_920516
_eautor
245 1 0 _aDel comercio Vegano de ayer /
_cMario Concepción
264 1 _aSanto Domingo :
_bAsociación para el Desarrollo de La Vega,
_c1985.
300 _a20 páginas,
_bretratos
_c21 cm.
336 _2rdacontent
_atexto
_btxt
337 _2rdamedia
_asin mediación
_bn
338 _2rdacarrier
_avolumen
_bnc
590 _aInventariado, 2024/ YL
910 _aYLockward
942 _2ddc
_cLF2
999 _c57655
_d57655